Statystyki dla Postacie Brawl Stars w 4 Minuty

Kliknij tutaj aby rozwiązać quiz!

Ogólne statystyki

  • Ten quiz został rozwiązany 23 razy
  • Średni wynik to 57 z 80

Statystyki odpowiedzi

Odpowiedź% Poprawnych
Barley
100%
Brock
100%
Bull
100%
Colt
100%
El Primo
100%
Nita
100%
Poco
100%
Rosa
100%
Shelly
100%
Dynamike
95%
Jessie
95%
Tick
95%
Darryl
89%
Rico
89%
Bibi
84%
Bo
84%
Carl
84%
Emz
84%
Gus
84%
Jacky
84%
Penny
84%
8-Bitowiec
79%
Ash
79%
Bea
79%
Bonnie
79%
Colette
79%
Edgar
79%
Frank
79%
Gale
79%
Griff
79%
Hank
79%
Nani
79%
Pam
79%
Pearl
79%
Piper
79%
Stu
79%
Belle
74%
Byron
74%
Gene
74%
Grom
74%
Kiełek
74%
Lola
74%
Maks
74%
Mandy
74%
Mortis
74%
Pan P
74%
Sam
74%
Squeak
74%
Tara
74%
Lou
68%
Maisie
68%
Ruffs
68%
Angelo
63%
Buzz
63%
Kieł
63%
Doug
58%
Gray
58%
Janet
58%
Kruk
58%
Melodie
58%
Mico
58%
Otis
58%
Spike
58%
Amber
53%
Charlie
53%
Chuck
53%
Leon
53%
R-T
53%
Sandy
53%
Willow
53%
Larry i Lawrie
47%
Buster
42%
Lily
42%
Meg
42%
Surge
42%
Kit
37%
Chester
32%
Cordelius
32%
Draco
21%
Eva
5%

Rozkład punktacji

Percentyl według liczby udzielonych odpowiedzi

Procent ludzi z każdym wynikiem

Twoja historia wyników

Nie rozwiązałeś tego quizu